000 00671nam a2200205 a 4500
005 20210223125200.0
008 031014s2003 mx r 000 0 spa d
020 _a8446020599
035 _aUPN01000130105
049 _aCG
050 4 _aLC93 E5
_bA6.6
245 1 0 _aAprender a convivir en la escuela /
_ccoord. Miguel Angel Santos Guerra.
260 _aMadrid :
_bUniversidad Internacional de Andalucía :
_bAkal,
_cc2003.
300 _a150 p.
440 0 _aSociedad, cultura y educación ;
_v11
650 4 _aCOEDUCACION -
_zESPAÑA
_99420
650 4 _aEDUCACION INTERCULTURAL -
_zESPAÑA
_97101
700 1 _aSantos Gurerra, Miguel Angel,
_ecoord.
905 _aLibro
999 _c102262
_d102262